| 000 | 00436nam a2200181Ia 4500 | ||
|---|---|---|---|
| 003 | GCL | ||
| 008 | 140319s9999 xx 000 0 eng d | ||
| 040 |
_aGCL / _cGCL |
||
| 082 | 0 | 4 |
_a745.582 _bW F |
| 100 | 1 | _aWITHERS, SARA | |
| 245 | 1 | 0 |
_aFASHION BEADS / _cWITHERS, SARA |
| 260 |
_a[S.N] : _bTHAMES AND HUDSON ، _c1996 |
||
| 300 | _a128 P | ||
| 650 | 0 | 4 | _aHANDICRAFTS |
| 650 | 0 | 4 | _aBEADS WORK |
| 650 | 0 | 4 | _aBEADS |
| 942 |
_2ddc _cBK |
||
| 999 |
_c13481 _d13481 |
||